| LEADER | 00636nam a2200181 4500 | ||
|---|---|---|---|
| 082 | |a 807.1 |b TR120X | ||
| 100 | |a Trần Xuân Nhĩ | ||
| 245 | |a Giới thiệu bài giảng của giáo viên giỏi Ngữ văn 6 |c Trần Xuân Nhĩ, Nguyễn Thị Vân Hồng | ||
| 260 | |a H. |b Đại học Sư phạm |c 2003 | ||
| 300 | |a 92 tr. |c 24 cm | ||
| 520 | |a v.v... | ||
| 653 | |a Văn học | ||
| 653 | |a Ngữ văn | ||
| 653 | |a lớp 6 | ||
| 653 | |a bài giảng | ||
| 942 | |2 ddc |c SH | ||
| 999 | |c 9839 |d 9839 | ||
| 952 | |0 0 |1 0 |2 ddc |4 0 |6 807_100000000000000_TR120X |7 0 |8 800 |9 77543 |a qbu |b qbu |c D5 |d 2015-06-11 |g 13000 |o 807.1 TR120X |p 9379.c1 |r 0000-00-00 |w 2015-06-11 |y SH | ||